00961nam a2200241 a 4500999001500000001000600015003000900021005001700030008004100047020001800088040003800106050002600144082001600170100001700186245010500203260005500308300003500363504005100398650007900449650006500528942001200593952011400605 c2401d240119800BD-DhUAP20200224122308.0200224s1997 bg ab b 001 0 eng  a9781118985076 aBD-DhUAPcBD-DhUAPdBD-DhUAPbEng00aDS396.9.M39bM35 1997 a712 TAL223 aTal, Daniel. aSketchup for site design : ba guide to modeling site plans, terrain and architecture /cDaniel Tal. aHoboken, New Jersey : bJohn Wiley & Sons,cc2016. ax, 387 pages :bill. ;c23 cm. aIncludes bibliographical references and index. aSketchUp (Programa d'ordinador)vDisseny arquitectònic -- Informàtica. aArquitectura del paisatge -- Disseny assistit per ordinador. 2ddccBK 00102ddc4070aUAPCLbUAPCLcGeneral Stacksd2020-02-24o712 TALp3010019800r2020-02-24t1w2020-02-24yBK